| 000 | 00662nam a22002057a 4500 | ||
|---|---|---|---|
| 005 | 20080530101153.0 | ||
| 008 | 080530t xxu||||| |||| 00| 0 eng d | ||
| 010 | _aENG-90275 | ||
| 020 |
_a8177352105 _c25.00 |
||
| 035 | _aEN-73808 | ||
| 037 | _bDBAD / PUB | ||
| 040 |
_aDPL _bEN |
||
| 082 | _a483 | ||
| 100 | _aSrinivasan, V. | ||
| 245 |
_aSynonyms and antonyms / _cby V. Srinivasan |
||
| 260 |
_aChennai _bPavai Publications _c2005 |
||
| 300 |
_a78p. _c22 cm (pbk) |
||
| 942 |
_2ddc _cEN _h483 _mSRI |
||
| 999 |
_c13104 _d13104 |
||